000 00419nam a2200133 4500
005 20260427123149.0
008 260427b |||||||| |||| 00| 0 eng d
020 _a0-87891-192-8
100 _aFogiel Max
245 _aSuper Review all you need to know: Organic Chemistry I
_c/Max Fogiel
260 _aPiscataway, New Jersey;
_bResearch and Education Association;
_c2000
300 _ax,356p.ill;
_c21cm
942 _2lcc
_n0
_cBK
999 _c240
_d240